Ejercicios para la reeducación de dislexias: 1er. nivel: método para una correcta iniciación al aprendizaje de lectura y escritura

Đã lưu trong:
Chi tiết về thư mục
Những tác giả chính: Bandres, María Pilar (Tác giả), Sabater, María Luisa (Tác giả)
Định dạng: Sách
Ngôn ngữ:Tiếng Tây Ban Nha
Được phát hành: Madrid Escuela Española 1981
Phiên bản:4a. ed
Những chủ đề:
Các nhãn: Thêm thẻ
Không có thẻ, Là người đầu tiên thẻ bản ghi này!

MARC

LEADER 00000nam a2200000 a 4500
001 UCY8847
003 CL-VaPUC
008 950707e19810100SP |||||||||||||||||spa|d
082 0 4 |a 371.914  |b BAN  |2 21 
100 0 |a Bandres, María Pilar  |e author  |9 340567 
700 0 |a Sabater, María Luisa  |e author  |9 340568 
245 1 0 |a Ejercicios para la reeducación de dislexias: 1er. nivel: método para una correcta iniciación al aprendizaje de lectura y escritura 
250 |a 4a. ed 
300 |a 288 p 
942 |c BK 
945 |d 19950707 00:00:00  |a mfernand 
260 |a Madrid  |b Escuela Española  |c 1981 
650 0 |a Educación especial  |9 307486 
650 0 |a Dislexia  |9 307487 
650 7 |a DISLEXICOS  |2 CL-VaPUC  |9 340569 
583 |a last modification  |c 19950707 00:00:00  |k Rodrigo Vera 
999 |c 236034  |d 236032 
952 |0 0  |1 0  |4 0  |6 371_914000000000000_BAN_1981  |7 0  |8 P  |9 243850  |a BIBEDU  |b BIBEDU  |c BIBEDU_PB  |d 2019-11-18  |i 1530593  |o 371.914 BAN 1981  |p 1530593  |r 2024-01-25  |w 2019-11-18  |y BK  |k EDU